Pumps: (Record no. 11769)

MARC details
000 -LEADER
fixed length control field 00659 a2200193 4500
010 ## - LIBRARY OF CONGRESS CONTROL NUMBER
LC control number ENG-89993
020 ## - INTERNATIONAL STANDARD BOOK NUMBER
International Standard Book Number 8175154071
Terms of availability 550.00
035 ## - SYSTEM CONTROL NUMBER
System control number EN-73526
037 ## - SOURCE OF ACQUISITION
Source of stock number/acquisition DBAD / PUB
082 14 - DEWEY DECIMAL CLASSIFICATION NUMBER
Classification number 621.69
090 ## - LOCALLY ASSIGNED LC-TYPE CALL NUMBER (OCLC); LOCAL CALL NUMBER (OCLC)
-- 12123
-- 12123
100 1# - MAIN ENTRY--PERSONAL NAME
Personal name Srivastava, R.K.
245 1# - TITLE STATEMENT
Title Pumps:
Statement of responsibility, etc by R.K. Srivastava
Remainder of title a complete reference/
260 ## - PUBLICATION, DISTRIBUTION, ETC. (IMPRINT)
Place of publication, distribution, etc New Delhi
Name of publisher, distributor, etc Galgotia Publications
Date of publication, distribution, etc 2003
270 ## - ADDRESS
Address 5, Ansari Road, Darya Ganj
City New Delhi
State or province Delhi
Postal code 110002
300 ## - PHYSICAL DESCRIPTION
Extent xix, 324p.:
Dimensions 28 cm (Hb.)
Other physical details col. photos & ill.
942 ## - ADDED ENTRY ELEMENTS (KOHA)
Institution code [OBSOLETE] dpl
Koha item type English Books
Call number prefix 621.69 / SRI
Holdings
Withdrawn status Lost status Source of classification or shelving scheme Damaged status Not for loan Collection code Home library Current library Source of acquisition Cost, normal purchase price Total Checkouts Full call number Barcode Date last seen Copy number Uniform Resource Identifier Cost, replacement price Price effective from Koha item type
    Dewey Decimal Classification   Not For Loan Non-fiction D.B.Act.Division D.B.Act.Division DBAD/PUB 550.00   621.69 SRI EN-73526 15/09/2008 1 12884 550.00 15/09/2008 English Books

© Delhi Public Library
Hit Counter
free hit counter